Güney Sibirya Altay Türkçesi ağızları : (Record no. 15824)

MARC details
000 -BAŞLIK
Sabit Uzunlukta Kontrol Alanı 00798nam a22002297a 4500
999 ## - SİSTEM KONTROL NUMARALARI (KOHA)
Koha Biblionumber 15824
Koha Biblioitemnumber 15824
003 - KONTROL NUMARASI IDENTIFIER
Denetim Alanı MIRAKIL
005 - SON İŞLEM TARİHİ VE ZAMANI
Denetim Alanı 20240328115511.0
008 - SABİT-BOY VERİ ELEMANLARI - GENEL BİLGİLER
Sabit Uzunlukta Kontrol Alanı 240328b tu ||||| |||| 00| 0 tur d
020 ## - ULUSLARARASI STANDART KİTAP NUMARASI
Uluslararası Standart Kitap Numarası 9789751631213
040 ## - KATALOGLAMA KAYNAK
Orijinal Kataloglama Ajansı TR-AnCHP
Metne Dönüştürmek Ajansı TR-AnCHP
041 ## - DİL KODU
Metin / Ses Parça Veya Ayrı Başlığın Dil Kodu tur
082 ## - DEWEY ONLU SINIFLANDIRMA NUMARASI
Sınıflandırma Numarası 417.5
Ürün Numarası D54g 2015
100 ## - ANA GİRİŞ - KİŞİSEL İSİM
Kişisel Ad Dilek, Figen Güner
245 10 - BAŞLIK TABLOSU
Başlık Güney Sibirya Altay Türkçesi ağızları :
Başlığın Kalan karşılaştırmalı ses bilgisi /
Sorumluluk Tablosu, Vb Figen Güner Dilek.
260 ## - YAYIN, DAĞITIM, VB
Yayın, Dağıtım, Vb Yeri Ankara :
Yayıncı, Dağıtıcı, Vs Adı Türk Dil Kurumu Yayınları,
Yayın, Dağıtım, Vb Tarihi 2015.
300 ## - FİZİKSEL TANIM
Kapsam 548 s. :
Diğer Fiziksel Ayrıntıları res., hrt., tbl. ;
Boyutlar 29 cm.
490 0# - SERİSİ TABLOSU
Seri Beyanı Türk Dil Kurumu Yayınları ;
Hacim / Ardışık Tanımı 1156.
504 ## - KAYNAKÇA VB NOT
Kaynakça Vb Notu Kaynakça: 531-536. ss.<br/>
650 #0 - KONU KATMA GİRİŞ - TOPİKAL DÖNEM
9 (RLIN) 7753
Topikal Süreli Veya Coğrafi Ad Giriş Elemanı Ağızlar
856 ## - ELEKTRONİK YER VE ERİŞİM
Kamu Notu Dijital Nüshası için Partimizin Kütüphane Sorumlusu ile iletişime geçiniz.
942 ## - EKLENDİ GİRİŞ ELEMANLARI (KOHA)
Sınıflandırma Veya Raf Düzeni Kaynak Dewey Decimal Classification
Koha Öğesi Türü Books
Holdings
Kalıcı Konum Mevcut Konum Edinme Tarihi Toplam Check-Out'Lar Tam Çağrı Numarası Barkod Tarih Son Görülme İtibaren Geçerli Fiyatlar Koha Öğesi Türü
CHP Kütüphanesi CHP Kütüphanesi 03/28/2024   417.5 D54g 2015 21774 03/28/2024 03/28/2024 Books